00311nam a2200097Ia 4500008004100000020002200041082001800063100004600081245007800127300000800205210430s9999 xx 000 0 und d a978-969-9532-02-3 a1158.3 S5256H aDr. Safdar Ali Shah & Syed Javaid A. Kazi 4aThe Hindu Heritage of PakistancDr. Safdar Ali Shah & Syed Javaid A. Kazi a122